| 000 | 00417nam a22001337a 4500 | ||
|---|---|---|---|
| 020 | _a9787508512907 | ||
| 082 |
_a327.51 _bHON |
||
| 100 | _aLu, Hongmei & Lu, Dongmei | ||
| 245 |
_aBeijing At Play: _bCommon People's Approach to Health and Happiness / _cHongmei Lu, & Dongmei Lu |
||
| 260 |
_aChina : _bIntercontinental Press, _c2008. |
||
| 300 |
_a236 p. ; _c24 cm. |
||
| 563 | _aPaperback. | ||
| 942 |
_2ddc _cBK |
||
| 999 |
_c611325 _d611325 |
||